| 000 | 00794nam a22002297a 4500 | ||
|---|---|---|---|
| 005 | 20150317152343.0 | ||
| 008 | 140714b xxu||||| |||| 00| 0 Urdu d | ||
| 010 | _aUR-8729 | ||
| 020 | q |
_c600.00. _a9380279435 |
|
| 035 | _aU-7284 | ||
| 037 | _bDBAD/Pub. | ||
| 040 |
_aDPL _bUrdu |
||
| 082 | _a900.5 | ||
| 100 | _aا قبا ل محی الد ين | ||
| 110 | _b- | ||
| 245 |
_aہما ر ی کا ينا ت سا ينس کی ر و شنی مين _cا قبا ل محی الد ين |
||
| 246 |
_aTashuq Lucknowi(Hayat,Shakhsiyat,fun aur kalam) _bBy Syed Taghi Abedi |
||
| 260 |
_aد ھلی _bShahid Publications _c2007 |
||
| 270 |
_a2253,Resham Street,Kucha Chelan, Darya Ganj, _bNew Delhi _e110002 |
||
| 300 |
_a502ص _c22Cm (Hb) |
||
| 942 |
_2ddc _cUR _e _h900.5 _mا ق ب |
||
| 999 |
_c92284 _d92284 |
||